Liter benzínu za tri doláre? No a čo?

Výška ceny ropy. Stály rast spotreby ropy. Dlhodobý pokles kúpnej sily a stability amerického dolára. Ťažba ropy. Špekulácie na burzách.

Gespeichert in:
Bibliographische Detailangaben
1. Verfasser: Baláž, Peter
Format: Buchkapitel
Sprache:Slowakisch
Schlagworte:
Tags: Tag hinzufügen
Keine Tags, Fügen Sie das erste Tag hinzu!

MARC

LEADER 00000naa$a2200000$$$4500
001 0082805
005 20240502071930.2
041 0 |a slo 
044 |a SK 
245 1 0 |a Liter benzínu za tri doláre? No a čo?  |c Peter Baláž 
520 |a Výška ceny ropy. Stály rast spotreby ropy. Dlhodobý pokles kúpnej sily a stability amerického dolára. Ťažba ropy. Špekulácie na burzách. 
610 2 0 |a ropa 
610 2 0 |a benzín 
610 2 0 |a ceny 
610 2 0 |a spotreba 
610 2 0 |a dolár 
610 2 0 |a ťažba surovín 
610 2 0 |a burzy 
100 1 |a Baláž, Peter